|
|
|
|
| LEADER |
01415nmm a2200361 a 4500 |
| 001 |
000863845 |
| 003 |
CZ BrMZK |
| 005 |
20080130090711.0 |
| 008 |
070830s2007 xr e d |||||||cze d |
| 020 |
|
|
|a 978-80-7368-347-4
|
| 040 |
|
|
|a BOA001
|b cze
|
| 040 |
|
|
|a OLA001
|b cze
|
| 041 |
0 |
|
|a cze
|g cze
|
| 072 |
|
7 |
|a 004
|x Počítačová věda. Výpočetní technika. Informační technologie
|2 Konspekt
|9 23
|
| 072 |
|
7 |
|a 37.016
|x Učební osnovy. Vyučovací předměty. Učebnice
|2 Konspekt
|9 22
|
| 080 |
|
|
|a 004
|2 MRF
|
| 080 |
|
|
|a 621.39+004.7
|2 MRF
|
| 080 |
|
|
|a 338.48
|2 MRF
|
| 080 |
|
|
|a (07)
|2 MRF
|
| 080 |
|
|
|a (0.034.44)
|2 MRF
|
| 100 |
1 |
|
|a Wahla, Arnošt,
|d 1936-
|7 jk01151347
|
| 245 |
1 |
0 |
|a Informační a komunikační technologie v cestovním ruchu
|h [elektronický zdroj] :
|b studijní materiál pro distanční kurz /
|c Arnošt Wahla
|
| 260 |
|
|
|a Ostrava :
|b Ostravská univerzita,
|c [2007]
|
| 300 |
|
|
|a 1 CD-ROM :
|b barev. ;
|c 12 cm +
|e 1 leták (12 x 24 cm)
|
| 650 |
0 |
7 |
|a informační technologie
|7 ph121106
|2 czenas
|
| 650 |
0 |
7 |
|a komunikační technologie
|7 ph121769
|2 czenas
|
| 650 |
0 |
7 |
|a cestovní ruch
|7 ph119113
|2 czenas
|
| 655 |
|
7 |
|a učební texty
|7 fd133599
|2 czenas
|
| 655 |
|
7 |
|a CD-ROM
|7 fd133955
|2 czenas
|
| 910 |
2 |
|
|a BOA001
|b CDR-1197.628
|
| 990 |
|
|
|a CF
|
| 991 |
|
|
|b 200801
|
| 996 |
3 |
|
|b 2610330364
|c CDR-1197.628
|l Stud. periodik/2.patro
|r Sklad / do 1 hodiny
|n 6
|p p.v.
|w 000863845
|u 000010
|a 1
|e BOA001
|j MZK50
|s N
|